00331 a2200109 4500001001000000005001700010008004100027245005800068100002400126773005400150999001700204ART_2648120260410161933.0260409a 10aLos proyectos de inversión y su evaluación global1 aPolanski, Miguel A.0 tInformeg- Año II, Nº 18 (dic. 1970)wREV23765 c28789d28789